| 000 | 00908aam a2200301 4500 | ||
|---|---|---|---|
| 005 | 20180828152935.0 | ||
| 008 | 150310b xxu||||| |||| 00| 0 spa d | ||
| 041 | _aspa | ||
| 082 | _a620.86 H493di2 | ||
| 100 |
_aHenao Robledo, Fernando _98502 |
||
| 245 | _aDiagnóstico integral de las condiciones de trabajo y salud | ||
| 250 | _a2 edición | ||
| 260 |
_aColombia _bECOE _c2012 |
||
| 300 | _a238 páginas | ||
| 650 |
_aSALUD OCUPACIONAL _9253 |
||
| 650 |
_aSEGURIDAD INDUSTRIAL _96911 |
||
| 650 |
_aAMBIENTE DE TRABAJO _98503 |
||
| 650 |
_aFACTORES DE RIESGO _98504 |
||
| 650 |
_aEVALUACION DE RIESGOS _98125 |
||
| 650 |
_aINVENTARIO DE RIESGOS _98505 |
||
| 650 |
_aERRORES HUMANOS _98506 |
||
| 650 |
_aPRIMEROS AUXILIOS _9406 |
||
| 650 |
_aINCENDIOS _94328 |
||
| 650 |
_aEXPLOSIÓN _98507 |
||
| 650 |
_aPLATAFORMAS ELEVADORAS _949472 |
||
| 650 |
_aPLATAFORMAS DE TRABAJO _949473 |
||
| 942 | _cBK | ||
| 999 |
_c3805 _d3805 |
||